000 00277nam a2200109Ia 4500
008 190911s9999||||xx |||||||||||||| ||und||
100 _aMeigs William Haka
245 0 _aAccounting The Basis For Business Decisions
260 _aNew York
_bCRC
_c1999
300 _a253
942 _cBK
999 _c7017
_d7017